Statistics for The Walking Dead Show Characters

Click here to take the quiz!

General Stats

  • This quiz has been taken 25 times
    (20 since last reset)
  • The average score is 58 of 85

Answer Stats

Answer% Correct
Abraham Ford
100%
Beth Greene
100%
Carl Grimes
100%
Carol Peletier
100%
Dale Horvath
100%
Daryl Dixon
100%
Dwight
100%
Eugene Porter
100%
Ezekiel
100%
Father Gabriel
100%
Hershel Greene
100%
Hershel Rhee
100%
Judith Grimes
100%
Merle Dixon
100%
Michonne
100%
Negan Smith
100%
Rick Grimes
100%
Rosita Espinosa
100%
Shane Walsh
100%
Simon
100%
Alpha
92%
Beta
92%
Glenn Rhee
92%
Jerry
92%
Lori Grimes
92%
Andrea
83%
Deanna Monroe
83%
Jessie Anderson
83%
Maggie Rhee/Greene
83%
Sasha Williams
83%
T-Dog
83%
Tyreese Williams
83%
Aaron
75%
Amy
75%
Bob Stookey
75%
Enid
75%
Henry
75%
Jim
75%
Lydia
75%
Philip Blake/The Governor
75%
Siddiq
75%
Sophia Peletier
75%
Spencer Monroe
75%
Tara Chambler
75%
Alden
67%
Connie
67%
Edwin Jenner
67%
Jacqui
67%
Morales
67%
Morgan Jones
67%
Noah
67%
Duane Jones
58%
Gareth
58%
Juanita/Princess
58%
Luke
58%
Mercer
58%
Ron Anderson
58%
Sam Anderson
58%
Yumiko
58%
Anne/Jadis
50%
Gregory
50%
Lance
50%
Leah
50%
Magna
50%
Nicholas
50%
Paul Rovia/Jesus
50%
Sherry
50%
Kelly
42%
Max
42%
Olivia
42%
Pamela
42%
R.J Grimes
42%
Tobin
42%
Lizzie Samuels
33%
Lucille
33%
Mika Samuels
33%
Pope
33%
Sebastian
33%
Annie
25%
Dante
25%
Cyndie
17%
Elijah
17%
Virgil
17%
Coal
8%
Eastman
8%

Score Distribution

Percentile by Number Answered

Percent of People with Each Score

Your Score History

You have not taken this quiz since the last reset